Inter-Top 50 foreign with more games - Statistics

Statistiche generali
  • Questo quiz è stato fatto 109 volte
  • Il punteggio medio è 33 su 50
Statistiche sulle risposte
Position Nation Games Risposta % Corretto
RB Argentina 858 games Javier Zanetti
100%
GK Slovenia 455 games Samir Handanovic
98%
CDM Croatia 330 games Marcelo Brozovic
96%
ST Argentina 330 games Lautaro Martinez
92%
CDM Turkey 178 games Hakan Calhanoglu
90%
GK Brazil 300 games Julio Cesar
90%
ST Sweden 117 games Zlatan Ibrahimovic
89%
CM Serbia 326 games Dejan Stankovic
88%
CB Colombia 455 games Ivan Cordoba
88%
LM Croatia 254 games Ivan Perisic
88%
CB Slovakia 246 games Milan Skriniar
88%
ST Argentina 219 games Mauro Icardi
86%
CB Netherlands 274 games Stefan De vrij
86%
LB Japan 210 games Yuto Nagatomo
86%
CDM Argentina 431 games Esteban Cambiasso
85%
RB Brazil 248 games Maicon
85%
ST Argentina 171 games Diego Milito
81%
ST Belgium 132 games Romelu Lukaku
80%
ST Chile 142 games Alexis Sanchez
78%
CB Romania 169 games Cristian Chivu
78%
CB Argentina 236 games Walter Samuel
77%
CDM Germany 154 games Lothar Matthaus
76%
CM Armenia 142 games Henrikh Mkhitaryan
74%
RB Netherlands 173 games Denzel Dumfries
73%
CB Brazil 136 games Lucio
71%
CAM Netherlands 116 games Wesley Sneijder
71%
ST Brazil 177 games Adriano
66%
ST Nigeria 136 games Obafemi Martins
66%
RW Portugal 140 games Luis Figo
66%
CM Spain 329 games Luis Suarez
62%
ST Argentina 116 games Hernan Crespo
60%
ST Argentina 169 games Rodrigo Palacio
60%
CF Uruguay 261 games Alvaro Recoba
58%
CM Colombia 141 games Fredy Guarin
58%
CDM Uruguay 127 games Matias Vecino
56%
LB Germany 155 games Andreas Brehme
53%
ST Argentina 197 games Julio Cruz
52%
CDM Chile 109 games Gary Medel
49%
CB Brazil 121 games Miranda
49%
ST Chile 150 games Ivan Zamorano
47%
CAM France 127 games Youri Djorkaeff
40%
CM Turkey 115 games Emre Belozoglu
35%
RW Brazil 263 games Jair
35%
ST Germany 123 games Jurgen Klinsmann
34%
CB Brazil 142 games Juan Jesus
27%
CB Argentina 139 games Nicolas Burdisso
26%
ST Hungary 183 games Istvan Nyers
25%
CM Netherlands 119 games Aron Winter
15%
LW Sweden 246 games Lennart Skoglund
14%
CM France 147 games Benoit Cauet
12%
Nessun quiz corrispondente trovato
Distribuzione punteggi
Percentuale di utenti per punteggio
Percentile per numero di risposta
I tuoi punteggi nel tempo
Non hai fatto questo quiz